000
00325nam a2200133Ia 4500
008
240624s9999 xx 000 0 und d
041
_a
eng
082
_a
519.2 KEM
100
_a
KEMENY JOHN G
245
_a
FINITE MARKOV CHAINS WITH A NEW APPENDIX
260
_c
1960
_a
matrix'
_b
Springer
300
_a
226 : p.
365
_c
RS
999
_c
24074
_d
24074